Sewerage Services Act 1993 (Act 508) & Regulations and Orders : (As at 20th December 2001)

Bibliographic Details
Corporate Author: Legal Research Board (Editor)
Format: Book
Language:English
Published: Selangor : Internasional law book services
Series:Laws of Malaysia
Subjects:

MARC

LEADER 00000cam a2200000 7i4500
001 0000013194
005 20241021.0
008 030929 my eng
020 |a 9678912155 (pbk) 
040 |a INS   |b eng   |e rda 
090 0 0 |a KPG2356.A31993   |b .M35 2001 
110 1 |a Malaysia   |e jurisdiction governed 
245 1 0 |a Sewerage Services Act 1993 (Act 508) & Regulations and Orders :   |b (As at 20th December 2001)   |c Compiled by Legal Research Board 
264 1 |a Selangor :   |b Internasional law book services 
300 |a 79 pages ;   |c 24 cm. 
336 |a text  |2 rdacontent 
337 |a unmediated  |2 rdamedia 
338 |a volume  |2 rdacarrier 
490 0 |a Laws of Malaysia 
650 0 |a Sewage disposal plants   |x Law and legislation   |y Malaysia 
650 0 |a Sewage disposal   |x Law and legislation   |y Malaysia 
710 2 |a Legal Research Board   |e editor 
999 |a 0000009326   |b BOOK   |c Acts   |e Default branch 
999 |a 0000009327   |b BOOK   |c Acts   |e Default branch 
999 |a 0000010179   |b BOOK   |c Acts   |e Default branch